On This Day: December 22nd Quiz Stats

 Plays Quiz Updated Dec 22, 2017

Challenge
Share
Tweet
Embed
Score 0/7 Timer 03:00
1 Play Today
Question Answer Wrong Answers
Itō Hirobumi, a samurai, becomes the first Prime Minister of ______.
1885
Japan
93.5%
Mongolia
2.4%
China
2.2%
Vietnam
1.6%
This monument in Berlin re-opens after nearly 30 years, effectively ending the division of East and West Germany.
1989
Brandenburg Gate
89.6%
Alexanderplatz
2.2%
Berlin Victory Column
4%
Gendarmenmarkt
1.9%
This tunnel, connecting Weehawken, New Jersey and Midtown Manhattan, opens to traffic in New York City.
1937
Lincoln Tunnel
79.5%
Washington Tunnel
7.8%
Roosevelt Tunnel
5.2%
Jefferson Tunnel
6%
In response to wartime activities by Great Britain and France during the Napoleonic Wars, the US passes this act, forbidding trade with all foreign countries.
1807
Embargo Act
72.8%
Tariff Act
12.8%
Economic Sanctions Act
5.6%
Restriction Act
8.7%
The ______ begins in France, when a French Jewish artillery officer is wrongly convicted of treason.
1894
Dreyfus Affair
66.5%
Marconi Scandal
8.8%
Panama Scandal
2%
Boulanger Affair
21.5%
The 3rd Plenary of the 11th National Congress of the Communist Party of China ends in Beijing, with ______ reversing Mao-era policies to pursue a program for Chinese economic reform.
1978
Deng Xiaoping
55.6%
Xi Jinping
17.9%
Chiang Kai-shek
19.9%
Lin Biao
4.5%
In the United Kingdom, a ______ mph speed limit is applied to all rural roads including motorways for the first time.
1965
70
27.9%
60
21.7%
65
10.7%
55
38%

You're not logged in!

Compare scores with friends on all Sporcle quizzes.
OR
Log In

You Might Also Like...

Show Comments

Extras

Top Quizzes Today


Score Distribution

Your Account Isn't Verified!

In order to create a playlist on Sporcle, you need to verify the email address you used during registration. Go to your Sporcle Settings to finish the process.

Report this User

Report this user for behavior that violates our Community Guidelines.

Details: